000 02083aam a2200361 4500
001 18993
003 CO-MdFUSB
005 20190202100508.0
008 170309t2007 enk||||f |||| 00| 0 eng d
020 _aVolumen 2: 978-0-19-928354-5 ; Volumen 3: 978-0-19-928355-2
040 _aCO-MdFUSB
_bspa
_cCO-MdFUSB
_dCO-MdFUSBC
_erda
041 _aeng
082 _224
_aG 210
_bH462le
100 1 _aHegel, Georg Wilhelm Friedrich
_eautor
245 0 0 _aLectures on the philosophy of religion
_c/ Georg Wilhelm Friedrich Hegel ; Editado por Peter C. Hodgson , Traducido por R. F. Brown , P. C. Hodgson , J. M. Stewart
264 4 _aOxford, England :
_bClarendon Press,
_c©2007
300 _a2 volúmenes
_c; 23 cm.
336 _2rdacontent
_a1
_ba1
337 _2rdamedia
_a2
_b5
338 _2rdacarrier
_a2
_b5
501 _aIncluye indices y referencias bibliográficas
505 0 0 _tVolumen 1: Lecturas de 1827
505 0 0 _tVolumen 2: Religión determinante
505 0 0 _aEl concepto de religión -- Religión determinada -- Religión consumada.
505 0 0 _aEl manuscrito de Hegel: Religión inmediata -- Religión de sublimidad y belleza -- Las conferencias de 1824: Religión inmediata o religión de la naturaleza -- Religiones de la individualidad espiritual -- Las conferencias de 1827: Religión inmediata o religión de naturaleza - La elevación de la espiritual pro encima de lo natural: La religión de los griegos y los judeos - La religión de conveniencia: Religión romana
505 0 0 _tVolumen 3: El manuscrito de Hegel
505 0 0 _aConcepto abstracto -- Representación concreta -- Comunidad, cultus -- Las conferencias de 1824: El concepto metafísico de Dios -- El desarrollo de la idea de Dios -- Las conferencias de 1827: El primer elemento -- El segundo elemento: Representación, apariencia -- El tercer elemento: Comunidad, espíritu
534 _cVorlesungen über die philosophie der religion
_pTítulo original en alemán:
563 _aRústico
650 7 _aFilosofía y religión
_2
_9198
942 _cBK
999 _c45373
_d45373